| 000 | 00951nam a2200253 u 4500 | ||
|---|---|---|---|
| 001 | 000015306 | ||
| 005 | 20250716114228.0 | ||
| 008 | 100204s1987 ve a 000 0 spa d | ||
| 020 | _a9800300090 | ||
| 020 | _a9800300104 (v.1) | ||
| 020 | _a9800300112 (v.2) | ||
| 040 |
_aDO-SdBNP _bspa _cBNPHU |
||
| 082 |
_a917.87 _bC972g, 1987 |
||
| 100 | 1 |
_aCunill, Pedro, _d1935- _934613 |
|
| 245 | 1 | 0 |
_aGeografía del poblamiento venezolano en el siglo XIX / _cPedro Cunill Grau. |
| 250 | _a2a ed. | ||
| 260 |
_aCaracas : _bComisión Presidencial V Centenario de Venezuela y Facultad de Humanidades ; _bUniversidad Central de Venezuela, _c1987. |
||
| 300 |
_a3 v. : _bil. ; _c24 cm. |
||
| 490 | 1 | _aComisión Presidencial V Centenario de Venezuela 1498-1998 : 1499-1999 | |
| 650 | 0 |
_aGeografía _9864 |
|
| 650 | 4 |
_aGeografía de población _934614 |
|
| 830 | 0 |
_aComisión Presidencial V Centenario de Venezuela 1498-1998 : 1499-1999 _934615 |
|
| 910 | _aBNGR | ||
| 999 |
_c14872 _d14872 |
||